TOP10 krajów o największym przyroście populacji - Statystyki

Ogólne statystyki
  • Ten quiz został rozwiązany 226 razy
  • Średni wynik to 6 z 10
Statystyki odpowiedzi
Przyrost roczny Kraj % Poprawnych
5,54 mln Chiny
95%
13,5 mln Indie
95%
5,17 mln Nigeria
70%
2,89 mln Indonezja
68%
2,77 mln Indonezja
68%
4,32 mln Pakistan
58%
1,94 mln Egipt
48%
2,88 mln Etiopia
47%
1,72 mln Tanzania
28%
1,93 mln Stany
20%
Nie znaleziono quizów pasujących do podanych kryteriów
Rozkład punktacji
Procent ludzi z każdym wynikiem
Percentyl według liczby udzielonych odpowiedzi
Twoja historia wyników
Nie rozwiązałeś tego quizu